000 00917cab a22002175a 4500
001 L140846
008 071015e20071013xxkado f s 000 0 eng d
035 _a(Sirsi) u140846
041 0 _aeng
100 1 _aCavanagh, Elaine
245 0 0 _aFocus
_bM25 North West
260 _c2007
490 _aEstates Gazette
_v(0741) 13 October 2007, 99-115(8)
520 _aReports on a number of significant town centre retail developments throughout Hertfordshire. Covers the office property market, which is in good health but lacking in large developments. Statistics for the major towns are presented for this market. Considers the area's industrial shed market, and finds reason to believe the market could well be enhanced.
590 _aKA
651 4 _aSouth East (England)
690 _aPROPERTY-COMMERCIAL PROPERTY-COMMERCIAL PROPERTY MARKET
700 1 _aTaylor, Andrew
700 1 _aJack, Simon
942 _n0
999 _c79363
_d79363